Functional reconstruction of oral and oropharyngeal defects following ablative cancer surgery / (رقم التسجيلة. 74558)

تفاصيل مارك
000 -LEADER
fixed length control field 01278cam a2200289 a 4500
003 - CONTROL NUMBER IDENTIFIER
control field EG-GiCUC
005 - DATE AND TIME OF LATEST TRANSACTION
control field 20250223032418.0
008 - FIXED-LENGTH DATA ELEMENTS--GENERAL INFORMATION
fixed length control field 191016s1997 ua dh f m 000 0 eng d
040 ## - CATALOGING SOURCE
Original cataloging agency EG-GiCUC
Language of cataloging eng
Transcribing agency EG-GiCUC
041 0# - LANGUAGE CODE
Language code of text/sound track or separate title eng
049 ## - LOCAL HOLDINGS (OCLC)
Holding library Deposite
097 ## - Thesis Degree
Thesis Level Ph.D
099 ## - LOCAL FREE-TEXT CALL NUMBER (OCLC)
Classification number Cai01.11.12.Ph.D.1997.Hu.F
100 0# - MAIN ENTRY--PERSONAL NAME
Personal name Hussam Aldin Mahmoud Albosraty
245 10 - TITLE STATEMENT
Title Functional reconstruction of oral and oropharyngeal defects following ablative cancer surgery /
Statement of responsibility, etc. Hussam Aldin Mahmoud Albosraty ; Supervised Ahmed Mostafa Bassiouny , Mahmoud Mostafa Bassiouny , Hamza Abouloyoun
246 15 - VARYING FORM OF TITLE
Title proper/short title اعادة البناء الوظيفي لنواقص الفم والبلعوم الفمي بعد الاستئصال الجذري للأورام السرطانية
260 ## - PUBLICATION, DISTRIBUTION, ETC.
Place of publication, distribution, etc. Cairo :
Name of publisher, distributor, etc. Hussam Aldin Mahmoud Albosraty ,
Date of publication, distribution, etc. 1997
300 ## - PHYSICAL DESCRIPTION
Extent 119 P. :
Other physical details charts , facsimiles ;
Dimensions 25cm
502 ## - DISSERTATION NOTE
Dissertation note Thesis (Ph.D.) - Cairo University - Faculty of Medicine - Department of E.N.T
700 0# - ADDED ENTRY--PERSONAL NAME
Personal name Ahmed Mostafa Bassiouny ,
Relator term
700 0# - ADDED ENTRY--PERSONAL NAME
Personal name Hamza Abouloyoun ,
Relator term
700 0# - ADDED ENTRY--PERSONAL NAME
Personal name Mahmoud Mostafa Bassiouny ,
Relator term
856 ## - ELECTRONIC LOCATION AND ACCESS
Uniform Resource Identifier <a href="http://172.23.153.220/th.pdf">http://172.23.153.220/th.pdf</a>
905 ## - LOCAL DATA ELEMENT E, LDE (RLIN)
Cataloger Nazla
Reviser Revisor
905 ## - LOCAL DATA ELEMENT E, LDE (RLIN)
Cataloger Shimaa
Reviser Cataloger
942 ## - ADDED ENTRY ELEMENTS (KOHA)
Source of classification or shelving scheme Dewey Decimal Classification
Koha item type Thesis
المقتنيات
Source of classification or shelving scheme Not for loan Home library Current library Date acquired Full call number Barcode Date last seen Koha item type
Dewey Decimal Classification   المكتبة المركزبة الجديدة - جامعة القاهرة قاعة الرسائل الجامعية - الدور الاول 11.02.2024 Cai01.11.12.Ph.D.1997.Hu.F 01010110031275000 22.09.2023 Thesis
Cairo University Libraries Portal Implemented & Customized by: Eng. M. Mohamady Contacts: new-lib@cl.cu.edu.eg | cnul@cl.cu.edu.eg
CUCL logo CNUL logo
© All rights reserved — Cairo University Libraries
CUCL logo
Implemented & Customized by: Eng. M. Mohamady Contact: new-lib@cl.cu.edu.eg © All rights reserved — New Central Library
CNUL logo
Implemented & Customized by: Eng. M. Mohamady Contact: cnul@cl.cu.edu.eg © All rights reserved — Cairo National University Library